<?xml version="1.0" encoding="UTF-8"?><?xml-stylesheet type="text/xsl" href="static/style.xsl"?><OAI-PMH xmlns="http://www.openarchives.org/OAI/2.0/" xmlns:xsi="http://www.w3.org/2001/XMLSchema-instance" xsi:schemaLocation="http://www.openarchives.org/OAI/2.0/ http://www.openarchives.org/OAI/2.0/OAI-PMH.xsd"><responseDate>2026-04-17T14:08:15Z</responseDate><request verb="GetRecord" identifier="oai:www.recercat.cat:2445/128916" metadataPrefix="marc">https://recercat.cat/oai/request</request><GetRecord><record><header><identifier>oai:recercat.cat:2445/128916</identifier><datestamp>2025-12-04T22:38:54Z</datestamp><setSpec>com_2072_1057</setSpec><setSpec>col_2072_478825</setSpec><setSpec>col_2072_478917</setSpec></header><metadata><record xmlns="http://www.loc.gov/MARC21/slim" xmlns:dcterms="http://purl.org/dc/terms/" xmlns:xsi="http://www.w3.org/2001/XMLSchema-instance" xmlns:doc="http://www.lyncode.com/xoai" xsi:schemaLocation="http://www.loc.gov/MARC21/slim http://www.loc.gov/standards/marcxml/schema/MARC21slim.xsd">
   <leader>00925njm 22002777a 4500</leader>
   <datafield ind2=" " ind1=" " tag="042">
      <subfield code="a">dc</subfield>
   </datafield>
   <datafield ind2=" " ind1=" " tag="720">
      <subfield code="a">Bueno i Torrens, David, 1965-</subfield>
      <subfield code="e">author</subfield>
   </datafield>
   <datafield ind2=" " ind1=" " tag="260">
      <subfield code="c">2019-02-26T14:40:37Z</subfield>
   </datafield>
   <datafield ind2=" " ind1=" " tag="260">
      <subfield code="c">2019-02-26T14:40:37Z</subfield>
   </datafield>
   <datafield ind2=" " ind1=" " tag="260">
      <subfield code="c">2019-02-19</subfield>
   </datafield>
   <datafield ind2=" " ind1=" " tag="260">
      <subfield code="c">2019-02-26T14:40:37Z</subfield>
   </datafield>
   <datafield ind2=" " ind1=" " tag="520">
      <subfield code="a">Fa una setmana, l'11 de febrer, va ser el Dia Internacional de les Dones i les Nenes en la Ciència. Segons la secretaria d'Universitats i Recerca, el nombre de dones titulades en ciències ha disminuït 2 punts en els darrers sis anys, i el nombre de matriculades en estudis d'enginyeria no arriba al 20%. A què es deu aquesta bretxa, que repercuteix molt negativament en la tan necessària i imprescindible igualtat de gènere (perquè sense igualtat no hi ha justícia)? Sens dubte hi ha molts factors que hi conflueixen. Segons un reportatge publicat en aquest mateix diari, Núria Balada, presidenta de l'Institut Català de les Dones, remarca que 'cal treballar des de l'educació primària per trencar estereotips de gènere'. Vull aportar una reflexió en aquest sentit, a partir de dos treballs científics que ho avalen completament.</subfield>
   </datafield>
   <datafield tag="653" ind2=" " ind1=" ">
      <subfield code="a">Dones en la ciència</subfield>
   </datafield>
   <datafield tag="653" ind2=" " ind1=" ">
      <subfield code="a">Women in science</subfield>
   </datafield>
   <datafield ind2="0" ind1="0" tag="245">
      <subfield code="a">Ciència en femení</subfield>
   </datafield>
</record></metadata></record></GetRecord></OAI-PMH>